Statistieken voor Lagen van de Aarde en Atmosfeer

Klik hier om de quiz te nemen!

Algemene statistieken

  • Deze quiz is 531 keer genomen
  • De gemiddelde score is 4 van 9

Antwoorden op de kaart

Antwoorden kleurgecodeerd door een groen-rode schaal op de quizkaart volgens % correct hieronder.
 

Antwoordstatistieken

Laag% Correct
Korst
74%
Stratosfeer
64%
Mantel
52%
Troposfeer
40%
Binnenkern
37%
Mesosfeer
37%
Buitenkern
36%
Exosfeer
33%
Thermosfeer
29%

Scoreverdeling

Percentiel versus Aantal Correcte Antwoorden

Procent van Mensen met Elke Score

Uw Scoregeschiedenis

U heeft deze quiz nog niet genomen